000
00279nam a2200133Ia 4500
100
_a
Webster & Associates
942
_c
BK
654
_a
pagemaker 5
245
_a
Pagemaker 5 by example
260
_b
BPB Publication
_c
1994
300
_a
578
546
_a
ENGLISH
999
_c
32063
_d
32063